| 000 | 01302cam a2200373 a 4500 | ||
|---|---|---|---|
| 001 | 3516 | ||
| 003 | FISKH | ||
| 005 | 20240315102839.0 | ||
| 008 | 920225s1992 ilua j 000 0 eng | ||
| 010 | _a 92007405 | ||
| 020 | _a0516241451 | ||
| 040 |
_aDLC _cDLC _dDLC _beng |
||
| 042 | _alcac | ||
| 050 | 0 | 0 |
_aQB602.F68 _b 1992 |
| 082 | 0 | 0 | _a523.4 |
| 100 | 1 |
_aFowler, Allan _eauthor |
|
| 245 | 1 | 4 |
_aThe sun's family of planets / _cby Allan Fowler ; consultants, Robert L. Hillerich |
| 250 | _aFirst Scholastic printing , February 2002 | ||
| 260 |
_aNew York : _bScholastic, _c1992 |
||
| 300 |
_a31 pages : _bcolor illustrations ; _c19 cm. |
||
| 490 | _aRookie read-about science | ||
| 505 | _aJ | ||
| 520 | _aProvides brief information about each of the nine planets that makes up our solar system. | ||
| 521 | 8 |
_a470
_bLexile |
|
| 521 | 8 |
_aJ
_bRaz-Plus |
|
| 650 | 0 |
_aPlanets _xJuvenile literature. |
|
| 650 | 1 | _aPlanets. | |
| 651 | 1 | _aSolar system. | |
| 700 |
_aHillerich , Robert L. _econsultant |
||
| 906 |
_a7 _bcbc _corignew _d1 _eocip _f19 _gy-gencatlg |
||
| 942 |
_2ddc _cBK _n0 |
||
| 999 |
_c3516 _d3516 |
||